000 00499nam a2200193 a 4500
001 1768898037677
003 YourLibrary
005 20260120141623.0
008 260120s2004##################000#0#eng##
020 _a9780415330183
082 0 4 _a303.4
_bFIR
100 1 _aFirth, Raymond,
_eauthor.
245 1 0 _aSocial Change in Tikopia :
260 _bPsychology Press,
_c2004.
300 _a360 pages
650 0 _aSocial Science.
942 _cENGLISH
040 _aYourLibrary
_beng
_cYourLibrary
999 _c608691
_d608691